| 000 | 00391cam a22001337a 4500 | ||
|---|---|---|---|
| 008 | 180718b1963 xxu||||| |||| 00| 0 eng d | ||
| 082 | _aB09x73 K55 | ||
| 100 | _aKiger, Joseph C. | ||
| 245 |
_aAmerican learned societies _cby Joseph C. Kiger |
||
| 260 |
_aWashington, D.C. _bPublic Affairs _c1963 |
||
| 300 | _a291p. | ||
| 500 | _a$6.00 | ||
| 650 | _aLearned Institutions and Societies - U.S.A. | ||
| 999 |
_c369289 _d369289 |
||